000 00240nam a22001097a 4500
082 _a954.91 PAK'P
100 _aRAFIQUE, AKHTAR
_975850
245 _aPAKISTAN YEARS BOOK 1978
260 _aLAHORE
_bEWP
_c1978
300 _a520P
942 _cBK
999 _c581260
_d581260